Normal view
MARC view
Entry Topical Term
001 - CONTROL NUMBER
- control field: 82362
003 - CONTROL NUMBER IDENTIFIER
- control field: OSt
005 - DATE AND TIME OF LATEST TRANSACTION
- control field: 20240511143352.0
008 - FIXED-LENGTH DATA ELEMENTS
- fixed length control field: 240511|| aca||aabn | a|a d
040 ## - CATALOGING SOURCE
- Original cataloging agency: OSt
- Transcribing agency: OSt
150 ## - HEADING--TOPICAL TERM
- Topical term or geographic name entry element: भौौतिक विज्ञान
670 ## - SOURCE DATA FOUND
- Source citation: Work cat.: (OSt)66833: दीक्षित , बृृजेश 82361, बच्चोंं के लिए विज्ञान मॉडल , 2022









